¿España... o Texas? - Estadísticas

Estadísticas generales
  • Esta prueba ha sido intentada 38 veces
  • La puntuación promedio es 14 de 20
Estadísticas de respuestas
Pregunta Respuesta % Correcto
Tiene más costa España
97%
Tiene una ciudad llamada Paris Texas
89%
Su himno no tiene letra oficial España
86%
Tiene una mayor extensión territorial Texas
86%
Tiene una mayor elevación máxima España
80%
Fue una república Ambos
77%
Tiene más habitantes España
74%
Tiene más vacas Texas
74%
Su índice de desarrollo humano es más bajo Texas
71%
Aquí viven armadillos Texas
71%
Su punto más meridional está a una latitud menor Texas
69%
Tiene azul en su bandera (al menos 5%) Texas
69%
Ha estado en guerra con Estados Unidos, ya sea independientemente o como parte de un estado mayor Ambos
66%
Es donde toma lugar la novela Por quién doblan las campanas España
66%
Su capital es su ciudad más poblada España
63%
El español es la lengua materna más común España
63%
Tiene más residentes extranjeros España
49%
Es más cristiano Texas
46%
Estuvo bajo el control de Francia Ambos
43%
Tiene más aeropuertos Texas
17%
No se encontraron pruebas coincidentes
Distribución de puntuación
Porcentaje de gente con cada puntuación
Porcentaje por número respondido
Historial de tus puntuaciones
No has intentado esta prueba.